| Tag |
First Indicator |
Second Indicator |
Subfields |
| LEADER |
00000cam a2200000 a 4500 |
| 001 |
in00000009442 |
| 005 |
20151007051538.0 |
| 008 |
870102s1987 caua j 00011 eng |
| 010 |
|
|
|a 86033639
|
| 020 |
|
|
|a 0152336788 (lib. bdg.) :
|c $14.95
|
| 035 |
|
|
|a (OCoLC)15107874
|
| 035 |
|
|
|9 AAA3530AM
|
| 040 |
|
|
|a DLC
|c DLC
|d TXA
|d UtOrBLW
|
| 049 |
|
|
|a [Curr Col] TXAM
|c [A12636979]
|
| 050 |
0 |
0 |
|a PZ8.W846
|b He 1987
|
| 082 |
0 |
|
|a [E]
|2 19
|
| 100 |
1 |
|
|a Wood, Audrey.
|
| 245 |
1 |
0 |
|a Heckedy Peg /
|c by Audrey Wood ; illustrated by Don Wood.
|
| 250 |
|
|
|a 1st ed.
|
| 264 |
|
1 |
|a San Diego :
|b Harcourt Brace Jovanovich,
|c [1987]
|
| 264 |
|
4 |
|c ©1987
|
| 300 |
|
|
|a 32 unnumbered pages :
|b color illustrations ;
|c 31 cm.
|
| 336 |
|
|
|a text
|b txt
|2 rdacontent
|
| 337 |
|
|
|a unmediated
|b n
|2 rdamedia
|
| 338 |
|
|
|a volume
|b nc
|2 rdacarrier
|
| 520 |
|
|
|a A mother saves her seven children from Heckedy Peg, a witch who has changed them into different kinds of food.
|
| 650 |
|
1 |
|a Fairy tales.
|
| 650 |
|
1 |
|a Witches
|x Fiction.
|
| 700 |
1 |
|
|a Wood, Don,
|d 1945-
|
| 999 |
|
|
|a MARS
|
| 999 |
f |
f |
|s 2cafcf95-a57c-3ddf-89ca-02c58fdf987d
|i bf5f9341-f533-3b55-a71c-7c676fc58e5b
|t 0
|
| 952 |
f |
f |
|p ric
|a Texas A&M University
|b Rellis Campus
|c Joint Library Facility
|d Remote Storage
|t 0
|e PZ8.W846 He 1987
|h Library of Congress classification
|i unmediated -- volume
|m A14812636979
|
| 998 |
f |
f |
|a PZ8.W846 He 1987
|t 0
|l Remote Storage
|